50 phương pháp phòng chống cholesterol
Nội dung giới thiệu cách thức phòng chống cholesterol. Giải thích một cách nhìn chính xác mọi liên quan xoay quanh vấn đề cholesterol theo những thuật ngữ rõ ràng.
Na minha lista:
| Autor principal: | |
|---|---|
| Formato: | Livro |
| Idioma: | Undetermined |
| Publicado em: |
Hà Nội
Khoa học và Kỹ thuật
2004
|
| Assuntos: | |
| Tags: |
Adicionar Tag
Sem tags, seja o primeiro a adicionar uma tag!
|
| Thư viện lưu trữ: | Trung tâm Học liệu Trường Đại học Cần Thơ |
|---|
| LEADER | 00891nam a2200205Ia 4500 | ||
|---|---|---|---|
| 001 | CTU_59351 | ||
| 008 | 210402s9999 xx 000 0 und d | ||
| 020 | |c 18000 | ||
| 082 | |a 613.284 | ||
| 082 | |b Y603 | ||
| 100 | |a Đỗ, Hải Yến | ||
| 245 | 0 | |a 50 phương pháp phòng chống cholesterol | |
| 245 | 0 | |c Đỗ Hải Yến | |
| 260 | |a Hà Nội | ||
| 260 | |b Khoa học và Kỹ thuật | ||
| 260 | |c 2004 | ||
| 520 | |a Nội dung giới thiệu cách thức phòng chống cholesterol. Giải thích một cách nhìn chính xác mọi liên quan xoay quanh vấn đề cholesterol theo những thuật ngữ rõ ràng. | ||
| 650 | |a Health education,Blood cholesterol,Giáo dục sức khỏe,Cholesterol trong máu | ||
| 904 | |i Qhieu đã sửa trong CSDL | ||
| 980 | |a Trung tâm Học liệu Trường Đại học Cần Thơ | ||